| 000 | 00729cam a22002533a 4500 | ||
|---|---|---|---|
| 001 | 23792 | ||
| 003 | PGUSA | ||
| 005 | 20140828083516.0 | ||
| 008 | 071210s2007||||xxu|||||s|||||000 | eng d | ||
| 040 |
_aPGUSA _beng |
||
| 042 | _adc | ||
| 050 | 4 | _aPS | |
| 100 | 1 |
_aWells, Carolyn, _d1862-1942 |
|
| 245 | 1 | 4 |
_aThe Rubáiyát of Bridge _h[electronic resource] / _cCarolyn Wells |
| 260 |
_bProject Gutenberg, _c2007 |
||
| 506 | _aPublic domain in the USA. | ||
| 516 | _aElectronic text | ||
| 653 | _aBridge whist | ||
| 653 | _aOmar Khayyam -- Parodies, imitations, etc. | ||
| 700 | 1 |
_aPreston, May Wilson, _d1873-1949 |
|
| 830 | 0 |
_aProject Gutenberg _v23792 |
|
| 856 | 4 | 0 | _uhttp://www.gutenberg.org/ebooks/23792 |
| 942 | _cEB | ||
| 999 |
_c253047 _d253047 |
||